[Event "Jesenik op-B"]
[Site "Jesenik"]
[Date "2023.08.23"]
[Round "5"]
[White "Tillmann, Tomas"]
[Black "Kovalcik, Adam"]
[Result "1/2-1/2"]
[WhiteElo "1862"]
[BlackElo "1648"]
[PlyCount "165"]
[EventDate "2023.08.19"]
[EventType "swiss"]
[EventRounds "9"]
[EventCountry "CZE"]
[SourceTitle "EXT 2024"]
[Source "ChessBase"]
[SourceDate "2023.10.10"]
[SourceVersion "1"]
[SourceVersionDate "2023.10.10"]
[SourceQuality "1"]

1. Nf3 d5 2. g3 Nf6 3. Bg2 c6 4. 0-0 h6 5. b3 Bf5 6. Bb2 e6 7. d3 Nbd7 8. Nbd2 Be7 9. e4 dxe4 10. dxe4 Nxe4 11. Nxe4 Bxe4 12. Bxg7 Rh7 13. Bb2 Bf6 14. Bxf6 Qxf6 15. Qe2 Bxf3 16. Bxf3 0-0-0 17. a4 Qe5 18. Qxe5 Nxe5 19. Be4 Rhh8 20. Rfd1 Kc7 21. Kf1 Ng4 22. Ke2 Nf6 23. Bf3 Nd5 24. Rd3 Nb4 25. Rc3 a5 26. Rc4 Rd7 27. Rd1 Rhd8 28. Rxd7+ Rxd7 29. c3 Nd3 30. b4 Nb2 31. Rh4 Nxa4 32. bxa5 Nxc3+ 33. Ke3 Nd5+ 34. Kd4 Ne7+ 35. Kc3 Nf5 36. Rf4 Rd8 37. g4 Nd6 38. Rf6 Ra8 39. Rxh6 Rxa5 40. Rf6 Ra2 41. Bg2 Ra4 42. Bf3 Kd7 43. Kb3 Ra5 44. h4 Ke7 45. Rf4 e5 46. Ra4 Rb5+ 47. Rb4 Ra5 48. Ra4 Rb5+ 49. Kc3 Rc5+ 50. Kd3 f5 51. gxf5 Nxf5 52. h5 Kf7 53. Rg4 Ra5 54. Rg5 Ne7 55. Be4 Ra3+ 56. Ke2 Rh3 57. Rxe5 Kf6 58. Ra5 Rh4 59. Kf3 b6 60. Ra6 Rxh5 61. Rxb6 Rc5 62. Ke3 Ke5 63. f4+ Kd6 64. Ra6 Ke6 65. Ra7 Rc1 66. Ra8 Re1+ 67. Kd3 Rd1+ 68. Ke2 Rd4 69. Ke3 Rd1 70. Ra6 Re1+ 71. Kd3 Rf1 72. Ke3 Re1+ 73. Kd4 Rf1 74. Ke3 Nf5+ 75. Kd3 Rxf4 76. Rxc6+ Kf7 77. Bd5+ Ke7 78. Bc4 Rd4+ 79. Kc3 Rd6 80. Rc7+ Rd7 81. Rc5 Nd6 82. Bd3 Ra7 83. Kd4 1/2-1/2

[Event "CZE-chT2F 2122"]
[Site "Czech Republic"]
[Date "2021.10.17"]
[Round "1.6"]
[White "Nytra, Petr"]
[Black "Tillmann, Tomas"]
[Result "1-0"]
[WhiteElo "1963"]
[BlackElo "1836"]
[PlyCount "53"]
[EventDate "2021.10.17"]
[EventType "team-tourn"]
[EventRounds "11"]
[EventCountry "CZE"]
[SourceTitle "EXT 2024"]
[Source "ChessBase"]
[SourceDate "2023.10.10"]
[SourceVersion "1"]
[SourceVersionDate "2023.10.10"]
[SourceQuality "1"]
[WhiteTeam "Orlova Slavia II"]
[BlackTeam "Dolni Benesov"]
[WhiteTeamCountry "CZE"]
[BlackTeamCountry "CZE"]

1. e4 c5 2. d4 cxd4 3. c3 dxc3 4. Nxc3 d6 5. Bc4 Nc6 6. Nf3 Nf6 7. 0-0 Bg4 8. Qb3 e6 9. Qxb7 Rc8 10. Bb5 Qd7 11. Qa6 Bxf3 12. gxf3 Qc7 13. Bf4 Nd7 14. Rac1 Nc5 15. Qa3 a6 16. Bxc6+ Qxc6 17. Rfd1 Qb6 18. Na4 Qb5 19. b4 Nxa4 20. Rxc8+ Kd7 21. Rdc1 Nc5 22. bxc5 Kxc8 23. cxd6+ Kd8 24. Qc3 Qd7 25. Qa5+ Ke8 26. Rc7 Qd8 27. Qa4+ 1-0